000 00297nam a22001457a 4500
008 230530b ||||| |||| 00| 0 eng d
020 _a639804
041 _aFRA
080 _a82
082 _a82SHR
100 _a38
101 _aGJL
245 _aETRANGE PASSION
_cSHREVE.A
942 _2udc
_cBK
999 _c59877
_d59877